Catálogo iconográfico y descriptivo de los moluscos terrestres de España, Portugal y las Baleares / (Record no. 154582)

MARC details
000 -LEADER
campo de control de longitud fija 01359nam a2200229 i 4500
001 - NÚMERO DE CONTROL
campo de control 154582
003 - IDENTIFICADOR DE NÚMERO DE CONTROL
campo de control ES-MaACL
005 - FECHA Y HORA DE LA ÚLTIMA TRANSACCIÓN
campo de control 20251009063056.0
008 - DATOS DE LONGITUD FIJA--INFORMACIÓN GENERAL
campo de control de longitud fija 000118m18831884sp af |||| | spa d
040 ## - FUENTE DE CATALOGACIÓN
Centro catalogador/agencia de origen M-RACE
Lengua de catalogación spa
Centro/agencia transcriptor M-RACE
Centro/agencia modificador CCPB | B
100 1# - ENTRADA PRINCIPAL--NOMBRE DE PERSONA
Nombre de persona González Hidalgo, Joaquín,
Fechas asociadas al nombre 1839-1923
9 (RLIN) 127415
245 10 - MENCIÓN DEL TÍTULO
Título Catálogo iconográfico y descriptivo de los moluscos terrestres de España, Portugal y las Baleares /
Mención de responsabilidad, etc. por J. G. Hidalgo.
260 ## - PUBLICACIÓN, DISTRIBUCIÓN, ETC.
Lugar de publicación, distribución, etc. Madrid :
Nombre del editor, distribuidor, etc. [s.n.,
Fecha de publicación, distribución, etc. s.a.] (
Fabricante Imprenta. de Segundo Martinez)
300 ## - DESCRIPCIÓN FÍSICA
Extensión 1 v. (223 p., 44 h. de grab.; 16 p., 46 h. de lam.) ;
Dimensiones 23 cm.
595 ## -
-- Publicada en partes: sólo la Parte I y la III, despues dejo de publicarse (NUC)
596 ## - NOTA AL PIE DE IMPRENTA
NOTA AL PIE DE IMPRENTA Fecha probable 1883 tomada del texto, en prologo consta 1875.
596 ## - NOTA AL PIE DE IMPRENTA
NOTA AL PIE DE IMPRENTA Pie de imp. del T.III: Madrid : Est. Tip. de E. Cuesta, á cargo de J. Giraldez, 1884.
650 #4 - PUNTO DE ACCESO ADICIONAL DE MATERIA--TÉRMINO DE MATERIA
Término de materia o nombre geográfico como elemento de entrada Moluscos-
Subdivisión geográfica España.
9 (RLIN) 149875
650 #4 - PUNTO DE ACCESO ADICIONAL DE MATERIA--TÉRMINO DE MATERIA
Término de materia o nombre geográfico como elemento de entrada Moluscos-
Subdivisión geográfica Portugal.
9 (RLIN) 163542
852 ## - LOCALIZACIÓN
Ubicación ES-MaACL
Número de control de estantería G-1777
Nota libre -- Enc. hol.
-- -- An. ms.: ded. del autor a Segismundo Moret
Encuadernación -- Edic.: en este ejemp. hay dos h. más de lám., una retrato del autor y la otra numerada con una "A" . Además hay otras 16 p. en las que consta : Parte tercera. I. La malacología en España. A pie de pág. consta : Hidalgo: Mol. terr. España, 1884. Parte 3ª-1
Holdings
Estatus retirado Estado de pérdida Estado de daño No para préstamo Biblioteca de origen Biblioteca actual Ubicación en estantería Fecha de adquisición Fuente de adquisición Total de préstamos Signatura topográfica completa Código de barras Visto por última vez Precio de reemplazo Tipo de ítem Koha
        Biblioteca del Ateneo de Madrid Biblioteca del Ateneo de Madrid Depósito 2 17/01/2008     G-1777 1161674 23/02/2023 23/02/2023 Libro impreso